000 00279nam a22001097a 4500
082 _a153 AKH'T
100 _aAKHURST, B. A
_977775
245 _aTEACH YOURSELF BOOKS ASSESSING INTELLECTUAL ABILITY
260 _aLONDON
_bTEACH YOURSELF BOOKS
_c1970
300 _a180P
942 _cBK
999 _c582993
_d582993